| 000 | 00792nas1a22002531i 4500 | ||
|---|---|---|---|
| 001 | RU\NLR\INFOCOMM7\1000057301 | ||
| 005 | 20260406200720.0 | ||
| 035 | _a(NLR Aleph) 002591640 | ||
| 090 |
_a3366803 _c3366803 |
||
| 100 | _a20040624c1998 |||y0rusy50 ca | ||
| 101 | 0 | _arus | |
| 102 | _aRU | ||
| 110 | _aayu||||0|y0 | ||
| 200 | 1 |
_aНормальная жизнь _eИнформ.-публицист. журн. _fУчредитель: ООО "Три века" |
|
| 210 |
_aМ. _cБ.и. _d1998- |
||
| 712 | 0 | 2 |
_4570 _a"Три века", общество _cМосква _9416769 _3RU\NLR\AUTH\889960262 |
| 801 | 1 |
_aRU _bInfoComm _c20040624 |
|
| 801 | 0 |
_aRU _bNLR _gPSBO |
|
| 852 |
_aNLR _jП22/6987 |
||
| 942 | _cJOURNAL | ||
| 980 | _aRUSPER | ||